000 00925nam a2200265 i 4500
001 139054
003 ES-MaACL
005 20250818131148.0
007 t|
008 070214s1978 sp f 00110 spa d
080 _a94(460)"0711/1492"
100 1 _aSanz Agüero, Marcos.
_9103601
245 1 3 _aLa Baja Edad Media /
_cMarcos Sanz Agüero.
260 _aMadrid :
_bCírculo de Amigos de la Historia,
_c1978.
300 _a341 p., 8 lám. ;
_c21 cm.
490 1 _aHistoria de España [dirigida por Florentino Pérez-Embid] ;
_v6
504 _aBibliografía: p. [335]-341.
651 4 _aEspaña-
_xHistoria-
_y0711-1492, Reconquista.
_98217
700 1 _aPérez-Embid, Florentino,
_d1918-1974
_990840
700 2 _a
_9241904
830 1 _aHistoria de España [dirigida por Florentino Pérez-Embid] ;
_v6
_9184626
852 _aES-MaACL
_jA-10785
852 _aES-MaACL
_jP-177-3
999 _c139054
_d139054